| 000 | 00725nam a22001337a 4500 | ||
|---|---|---|---|
| 040 | _cRUA | ||
| 082 | _aAED TAN 2015 B553 Or.1 | ||
| 100 | _aTANG VOUCHTING; តាំង វួចទីង | ||
| 245 | _aThe economic efficiency of households on cassava in chhouk commune, krouch chmar district, thbong khmom province; ប្រសិទ្ធភាពសេដ្ឋកិច្ចនៃផលិតកម្មដំណាំដំឡូងមីជាលក្ខណៈគ្រួសារនៅឃុំឈូក ស្រុកក្រូចឆ្មារ ខេត្តត្បូងឃ្មុំ | ||
| 260 |
_aPhnom Penh _bRUA _c2015 |
||
| 300 |
_ax; 39p; _bill; _c29cm; |
||
| 856 | _uTANG VOUCHTING | ||
| 942 | _cAED | ||
| 999 |
_c11733 _d11733 |
||